| 000 | 00702nam a22001935i 4500 | ||
|---|---|---|---|
| 001 | 161450 | ||
| 003 | ES-MaACL | ||
| 005 | 20250828040207.0 | ||
| 008 | 991103s1896 fr |||| | fre d | ||
| 040 |
_aM-RAJU _bspa _cM-RAJU _dCCPB | B |
||
| 100 | 1 |
_aParmentier, Jacques. _9130865 |
|
| 245 | 1 | 0 |
_aHistoire de l'éducation en Angleterre _b: les doctrines et les écoles depuis les origenes jusqu'au commencement du XIXe siècle / _cpar Jacques Parmentier. |
| 260 |
_aParis : _bPerrin et Cie., _c1896. |
||
| 300 |
_aII, 302 p. ; _c18 cm. |
||
| 650 | 7 |
_aEducación- _zGran Bretaña _2 _9168380 |
|
| 752 |
_aFrancia - _dParis |
||
| 852 |
_aES-MaACL _jF-5844 _z-- Enc. rust. |
||
| 999 |
_c161450 _d161450 |
||